Statistics for New York (JFK) Domestic Destinations

Click here to take the quiz!

General Stats

  • This quiz has been taken 41 times
  • The average score is 42 of 71

Answer Stats

Answer% Correct
Los Angeles
96%
Washington D.C.
96%
Denver
88%
Las Vegas
88%
Phoenix
88%
San Francisco
88%
Seattle/Tacoma
88%
Atlanta
84%
Chicago
84%
Miami
84%
Philadelphia
84%
San Diego
84%
Boston
80%
Honolulu
80%
Orlando
80%
Tampa
80%
Dallas/Fort Worth
76%
Detroit
76%
Jacksonville
76%
Charlotte
72%
Houston
72%
New Orleans
72%
Salt Lake City
72%
Austin
68%
Buffalo
68%
Cincinnati
68%
Milwaukee
68%
Minneapolis/St. Paul
68%
Nashville
68%
Pittsburgh
68%
Reno
68%
Baltimore
64%
Fort Lauderdale
64%
Indianapolis
64%
San Antonio
64%
San Juan
64%
Cleveland
60%
Key West
60%
Sacramento
60%
San Jose
60%
Columbus
56%
Kansas City
56%
Raleigh/Durham
56%
Savannah
56%
Charleston
52%
Fort Myers
52%
Rochester
52%
Albuquerque
48%
Ontario
48%
Richmond
48%
Syracuse
44%
Burbank
40%
Martha's Vineyard
40%
Nantucket
40%
Palm Springs
40%
Sarasota
40%
West Palm Beach
40%
Burlington
36%
Bangor
32%
Norfolk
32%
Orange County
32%
Worcester
32%
Bozeman
28%
Eagle/Vail
28%
Aguadilla
24%
Ponce
24%
Portland (Maine)
24%
Saint Thomas
24%
Hyannis
20%
Portland (Oregon)
20%
Saranac Lake
12%

Score Distribution

Percentile by Number Answered

Percent of People with Each Score

Your Score History

You have not taken this quiz